Taylor Swift Ultimate Swiftie Quiz - Midnights Edition - Statistics

General Stats
  • This quiz has been taken 54 times
  • The average score is 5 of 6
Answer Stats
Question Answer % Correct
Which Midnights song had the lyrics “so make the friendship bracelets” You’re On Your Own Kid
94%
Which of these songs was not performed in the Midnights Eras Tour set? Maroon
88%
When was Midnights released? October 21, 2022
88%
What Midnights song was released as (From the Vault)? You’re Losing Me
84%
Which Midnights music video features the HAIM sisters? Bejeweled
81%
What year did Midnights win the Album of the Year Grammy? 2024
41%
No matching quizzes found
Score Distribution
Percent of People with Each Score
Percentile by Number Answered
Your Score History
You have not taken this quiz